| 000 | 00802nam a22002297a 4500 | ||
|---|---|---|---|
| 999 |
_c7943 _d7943 |
||
| 003 | AR-CdUCM | ||
| 008 | 190321b ||||| |||| 00| 0 spa d | ||
| 040 |
_aMUNICIPALIDAD PROVINCIAL DEL CUSCO _cBIBLIOTECA MUNICIPAL DEL CUSCO |
||
| 041 | _heng | ||
| 082 |
_a613.8 / _bL92 |
||
| 100 |
_aLouria, Donald B. _922444 |
||
| 245 | _aLas drogas, que son y como combatirlas / | ||
| 260 |
_aMéxico : _bDiana, _c1972. |
||
| 300 |
_a261 páginas ; _c23 cm. |
||
| 505 | _aContenido: Preguntas y respuestas -- Un programa para los padres -- Un enfoque sobre la instrucción -- Reglas y reglamentos .... | ||
| 650 |
_aDrogas _915673 |
||
| 650 |
_aConcesuencias _922445 |
||
| 650 |
_aConsumo de drogas _922446 |
||
| 700 |
_aCárdenas Barrios, René (traducción) _922447 |
||
| 942 |
_2ddc _cLIBROS |
||
| 945 | _aachl | ||